| 000 | 00405nam a2200133Ia 4500 | ||
|---|---|---|---|
| 008 | 200626s9999 xx 000 0 und d | ||
| 020 | _a047082022-5 | ||
| 100 | _aWeaver, David | ||
| 245 |
_cDavid Weaver, Laura Lawton.-- _aTourism management/ |
||
| 250 | _a4th ed. | ||
| 260 |
_aAustralia : _bJohn Wiley & Sons Australia, Ltd _c2010 |
||
| 300 | _axii, 420 pages | ||
| 500 | _aIncludes References, and Index | ||
| 999 |
_c363825 _d363825 |
||